000 00576nam a2200193Ia 4500
003 IN-BaIIA
008 211028s9999 xx 000 0 eng d
020 _a571-08345-5
040 _cIIA Library
080 _a523.4
_bROT
100 _aRoth, Gunter D
_94063
245 0 _aHandbook for planet observers
_cGunter D. Roth
260 _aLondon
_bFaber and Faber
_c1966
300 _a205p.
650 _aAstronomy and Astrophysics Thesaurus
650 _aObservers-Handbook
_96328
650 _aPlanets-Handbook
_96329
942 _cBK
999 _c3575
_d3575